| 000 | 00398nam a2200157Ia 4500 | ||
|---|---|---|---|
| 008 | 240729s9999 xx 000 0 und d | ||
| 022 | _a2296-424X | ||
| 245 | 0 | _aFrontiers in Physics | |
| 260 | _aSwitzerland | ||
| 260 | _bFrontiers Media S.A. | ||
| 650 | _a Physics | ||
| 650 | _aScience | ||
| 856 | _uhttps://doaj.org/toc/948969fde051424f9a8643e911db4ed6 | ||
| 942 | _2ddc | ||
| 942 | _cDOAJEJ | ||
| 999 |
_c67160 _d67160 |
||
| 945 |
_a1 _bMadushi Gamage _c1 _dMadushi Gamage |
||